[Event "Mogliano Veneto op-B 43th"]
[Site "Mogliano Veneto"]
[Date "2023.04.24"]
[Round "3"]
[White "Rosina, Graziano"]
[Black "Baymani, Soroush"]
[Result "1/2-1/2"]
[WhiteElo "1664"]
[BlackElo "999"]
[PlyCount "44"]
[EventDate "2023.04.23"]
[EventType "swiss"]
[EventRounds "5"]
[EventCountry "ITA"]
[SourceTitle "EXT 2024"]
[Source "ChessBase"]
[SourceDate "2023.10.10"]
[SourceVersion "1"]
[SourceVersionDate "2023.10.10"]
[SourceQuality "1"]

1. Nf3 c5 2. c4 d6 3. g3 g6 4. Bg2 Nc6 5. Nc3 Bg7 6. 0-0 e6 7. d3 Nge7 8. Rb1 0-0 9. Bf4 d5 10. cxd5 Nxd5 11. Bd2 a6 12. Qc1 Re8 13. Re1 Rb8 14. b3 b6 15. a3 Bb7 16. Qc2 Nd4 17. Nxd4 cxd4 18. Nxd5 Bxd5 19. Qb2 Bxg2 20. Kxg2 Qd5+ 21. Kg1 Rec8 22. Rbc1 Bf8 1/2-1/2